000 00762nam a2200241 a 4500
001 48487
003 BD-RjUL
005 20211209054531.0
008 160814s1968 BG ||||| |||| 00| 0 ben d
020 _c:TK. 1.75
035 _a(BD-RjUL)48606
040 _aBD-RjUL
_bben
_cBD-RjUL
041 _aben
082 _223
_a891.441
_bJAR 1968
100 1 _aজসীম উদদীন
_9146439
245 1 0 _aরূপবতী /
_cজসীম উদদীন
250 _a৪র্থ সং.
260 _aঢাকা :
_bপলাশ প্রকাশনী,
_c১৯৬৮
300 _a[৮], ৬১ পৃ ;
_c২১ সেমি.
650 _aবাংলা
_vকবিতা
_9146440
650 _aBengali
_vPoetry
_9146441
942 _2ddc
_cBK
999 _c48487
_d48487